A.B.C. de l'inflation /
Guardado en:
| Autor Principal: | |
|---|---|
| Formato: | Libro |
| Idioma: | French |
| Publicado: |
Paris :
Plon,
1958.
|
| Etiquetas: |
Agregar Etiqueta
Sin Etiquetas, Sea el primero en etiquetar este registro!
|
| LEADER | 00403nam a22001455a 4500 | ||
|---|---|---|---|
| 001 | EUN.um014184 | ||
| 003 | AR-BaUNS | ||
| 005 | 20050623122856.0 | ||
| 008 | 041125s1958####fr############000#0#fre#d | ||
| 245 | 1 | 0 | |a A.B.C. de l'inflation / |c René Sédillot. |
| 260 | |a Paris : |b Plon, |c 1958. | ||
| 300 | |a 176 p. | ||
| 100 | 1 | |a Sédillot, René. | |
| 082 | 0 | 4 | |a 338.54 |
| 859 | |a Ar-BaUNS |b BIB. CENTRAL - Sector C |h 338.54 |i Se28 |p 578/960 | ||
